000 00287nam a22001217a 4500
082 _a621.815 HAS'T
100 _aHASHMI, A
_93781
245 _aA TEXT BOOK OF MACHINE DESIGN
260 _aLAHORE
_bNATIONAL BOOK STALL
300 _a500P
650 _aMACHINE DESIGN
_918984
942 _cBK
999 _c576321
_d576321